00173nam a2200073Ia 4500008004100000100002400041245001900065999001500084170524s9999 xx 000 0 und d aHENDERSON- JAMES M. 0aMICROECONOMICS c9722d9722